000 01791cac a2200409 i 4500
003 EG-GICUC
005 20260121101652.0
008 020502s2004 ctua frb 000 0 eng d
020 _a0072873019
020 _a9780072873016
040 _aAWC
_cAWC
_dDLC
_erda
043 _an-us---
082 0 0 _a341.77
_221
092 0 4 _221
099 _aLaw 10 2004
100 1 _aHoward, Russell D.
245 1 0 _aTerrorism and counterterrorism :
_bunderstanding the new security environment : readings & interpretations /
_cRussell D. Howard, Reid L. Sawyer ; foreword by Barry R. McCaffrey.
250 _arevised and Updated edition.
264 _aGuilford, Conn. :
_bMcGraw-Hill/Dushkin,
_c2004.
300 _axxiii, 544 pages ;
_c28 cm.
336 _atext
_btxt
_2rdacontent
337 _aComputer
_bn
_2rdamedia
338 _aOnline Resorce
_bnc
_2rdacarrier
505 0 _aTerrorism defined -- Why terrorism? -- The new terrorism model -- Religion -- Weapons of mass destruction -- The threat of other forms of terrorism -- The challenges of terrorism -- Strategies and approaches to combating terrorism -- Organizing to fight terrorism -- Instruments of counterterrorism.
650 0 _aTerrorism.
650 0 _aTerrorism
_zUnited States
_xPrevention.
650 0 _aTerrorism
_xPrevention
_xGovernment policy
_zUnited States.
650 0 _aNational security
_zUnited States.
700 1 _aHoward, Russell D.
_q(Russell D'Vere),
_d1946-
700 1 _aSawyer, Reid L.
856 4 1 _uhttps://fll.law.cu.edu.eg/fulltext/bks/ENGB10-00168.pdf
856 4 1 _aTable of contents
_uhttp://www.loc.gov/catdir/toc/mh031/2002106286.html
856 4 2 _aPublisher description
_uhttp://www.loc.gov/catdir/description/mh024/2002106286.html
905 _a10
942 _2ddc
_cBK
_e21
_n0
999 _c54835
_d54835